000 00484pab a2200193 454500
008 180718b2010 xxu||||| |||| 00| 0 eng d
100 _aReddy, G.P.
245 _aDeterminants of milk productivity in India: An empirical analysis
260 _c2010
300 _ap.8-15.
362 _aApr-Jun
650 _aDairy industry - India
650 _aDairy industry
700 _aSarkar, Ananta
700 _aMeena, P.C.
773 _aProductivity
908 _aN
909 _a91809
999 _c91809
_d91809